000 00531nam a2200181Ia 4500
008 151018s9999 xx 000 0 und d
082 _bRBASDV6920
_a891.468
100 _aदुर्गा - भागवत
245 _aपैस
250 _b1
260 _bमॅजेस्टीक प्रकाशन मुंबई
_c1970
300 _a71
600 _aदुर्गा - भागवत
630 _aपैस
700 _aदुर्गा - भागवत
730 _aपैस
942 _cBOOK
999 _c1009289
_d1009286